000 00539nam a2200181Ia 4500
008 240729s9999 xx 000 0 und d
022 _a1596-9827
245 0 _aTropical Journal of Pharmaceutical Research
260 _aNigeria
260 _bPharmacotherapy Group, University of Benin, Benin City
650 _a Biology (General)
650 _a Life
650 _a Pharmacy and materia medica | Science
650 _aMedicine
856 _uhttps://doaj.org/toc/87f7cfd742aa4467a1a1c0c1f6303e95
942 _2ddc
942 _cDOAJEJ
999 _c70496
_d70496
945 _a1
_bMadushi Gamage
_c1
_dMadushi Gamage